000 00354nam a2200133Ia 4500
008 220204s9999 xx 000 0 und d
082 _a658.5
_bLOR
100 _aBrealey, Richard
245 0 _aModern development in investment management: A book of readings
250 _a2
260 _aIllinois
_bDryden
_c1978
700 _aLorie, James
942 _cBK
999 _c34906
_d34906